Statistics for Modern Day Countries of the Kushan Empire on a Map

Click here to take the quiz!

General Stats

  • This quiz has been taken 10,093 times
  • The average score is 8 of 8

Answers on the Map

Answers color-coded by a green-red scale on the quiz's map according to % correct below.
 

Answer Stats

Answer% Correct
Afghanistan
99%
India
99%
Pakistan
99%
Iran
97%
Turkmenistan
97%
Uzbekistan
97%
Tajikistan
96%
Kazakhstan
95%

Score Distribution

Percentile by Number Answered

Percent of People with Each Score

Your Score History

You have not taken this quiz